000 01259cam a22003617a 4500
003 CHAP
005 20220817044012.0
008 050302d2004 mx r 00110 spa d
010 _a89737
011 _a90709
035 _a101266
040 _cCHAP
090 _aFolleto 16970
100 0 0 _aValdovinos Chávez, Víctor Rafael.
_9117389
245 1 0 _aElementos par la toma de decisiones cadenas de Markov
_c/por Víctor R. Valdovinos Chávez
260 _aChapingo, Méx. :
_bUACH. División de Ciencias Forestales,
_c2004.
300 _a25 p.
410 2 1 _aUACH. División de Ciencias Forestales
490 0 _aSerie de Apoyo Académico
_v; 56
590 _aBATCH-UPD
_b10
_c20130110
_lUCH01
_h1931
590 _aBATCH-UPD
_b10
_c20130410
_lUCH01
_h1255
590 _aBATCH-UPD
_b10
_c20130914
_lUCH01
_h1937
590 _aCONVERSION
_b10
_c20130109
_lUCH01
_h1350
650 1 4 _aProceso de Markov.
_991822
650 1 4 _aToma de decisiones.
_9113662
810 2 1 _aUACH. División de Ciencias Forestales
830 0 _aSerie de apoyo académico
_v; 56
901 _aBK
905 _aLilia
942 _cFOLL
949 _aFolleto 16970
_bBC
_cFOLL
_d33724002003652
_eTS1
_i101266
_sb
949 _aFolleto 16970
_bBC
_cUACH
_d33724002003611
_eUACH
_fc.2
_i101266
_sb
999 _c89737
_d89737